| 000 | 00494nam a22001937a 4500 | ||
|---|---|---|---|
| 003 | NUST-PNEC | ||
| 005 | 20170114142450.0 | ||
| 008 | 140403b xxu||||| |||| 00| 0 eng d | ||
| 020 | _a9812404856 | ||
| 040 | _cPNEC | ||
| 082 | _a006.32 HAG | ||
| 100 |
_926 _aHagan T Martin |
||
| 245 |
_aNeural Network Design _cMartin T. Hagan |
||
| 260 |
_aPWS Publishing, Bostan _bThomsan _cc.1996 |
||
| 300 |
_aix, 20-21p. _bill.: _c26cm |
||
| 500 | _aIncludes index. | ||
| 654 | _xBSMIS | ||
| 942 |
_2ddc _cBK |
||
| 999 |
_c59986 _d59986 |
||